Places To Study

There are group study rooms, individual study carrels, computer labs, and other spaces to study in the Libraries.

Reserve A Group Room

Online Resources

Access thousands of eBooks, audiobooks, and online journals from the comfort of your home.

Explore Resources

Events and Workshops

Join our upcoming events and workshops to enhance your skills and knowledge.

View Events

A Comprehensive Study of 'Anysaya' in Theravadā Buddhism / (Record no. 2466)

MARC details
000 -LEADER
fixed length control field 01610nam a22002177a 4500
003 - CONTROL NUMBER IDENTIFIER
control field OSt
005 - DATE AND TIME OF LATEST TRANSACTION
control field 20251113170013.0
008 - FIXED-LENGTH DATA ELEMENTS--GENERAL INFORMATION
fixed length control field 251113b |||||||| |||| 00| 0 eng d
040 ## - CATALOGING SOURCE
Transcribing agency DCL
082 ## - DEWEY DECIMAL CLASSIFICATION NUMBER
Classification number T-1 Ph.D.
100 0# - MAIN ENTRY--PERSONAL NAME
Personal name Uttama Nanda, Rev
Numeration HD/Ph.D./11/12/043
245 1# - TITLE STATEMENT
Title A Comprehensive Study of 'Anysaya' in Theravadā Buddhism /
Statement of responsibility, etc. Rev. Uttama Nanda.
264 ## - PRODUCTION, PUBLICATION, DISTRIBUTION, MANUFACTURE, AND COPYRIGHT NOTICE
Place of production, publication, distribution, manufacture Sri Lanka :
Name of producer, publisher, distributor, manufacturer University of Peradeniya,
Date of production, publication, distribution, manufacture, or copyright notice 2015.
300 ## - PHYSICAL DESCRIPTION
Extent xvi, 334 pages :
Dimensions 29 cm.
500 ## - GENERAL NOTE
General note Includes bibliographies.
502 ## - DISSERTATION NOTE
Dissertation note In this Dissertation Consists of Five Chapters. The first chapter that the reader may grasp the roles of latent tendency and its controversial issues. The Second chapter provides a focus centered to the related terms with the latent tendency to advance our investigations, In the third and chapters, a deeper and wider survey on latent tendency from the perspective of ' Suttanata and Abhidhamma' are Scrutinized respectively. The last chapter pays due attention on how to overcome the latent tendency whilst the conclusion section gives the complete and final solutions to comprehend the latent tendency from the ' Theravāda ' Standpoint.
Degree type Ph.D.
Name of granting institution University of Peradeniya,
Year degree granted 2015.
505 ## - FORMATTED CONTENTS NOTE
Formatted contents note Chapter I : General View on the Concept of Anusaya.<br/>Chaprter II : A Comparative study of Anusaya and Its Related Terms.<br/>Chapter III : A Critical Study of Anusaya in Sutta Piṭak.<br/>Chapter IV : Anusaya in Abhidhamma Piṭaka.<br/>Chapter V : Overcoming Anusaya.<br/>Conclusion.<br/>Bibliography.
650 ## - SUBJECT ADDED ENTRY--TOPICAL TERM
Topical term or geographic name entry element Ph.D. Dissertation
650 ## - SUBJECT ADDED ENTRY--TOPICAL TERM
Topical term or geographic name entry element Anusaya
Form subdivision Theravada Buddhism.
942 ## - ADDED ENTRY ELEMENTS (KOHA)
Source of classification or shelving scheme Dewey Decimal Classification
Koha item type Thesis
Suppress in OPAC No
Holdings
Withdrawn status Lost status Source of classification or shelving scheme Damaged status Not for loan Collection Accession No. Home library Current library Shelving location Date acquired Total checkouts Full call number Barcode Date last seen Price effective from Koha item type
    Dewey Decimal Classification   Not For Loan Reference Collection T-1 Ph.D. Dhammadhara Dhammadhara Reference Shelves 13/11/2025   T-1 Ph.D. T-1 Ph.D. 13/11/2025 13/11/2025 Thesis